Boletín oficial de la provincia de Madrid. (Record no. 508)

MARC details
000 -LEADER
campo de control de longitud fija 00993nas a2200289 i 4500
001 - NÚMERO DE CONTROL
campo de control 508
003 - IDENTIFICADOR DE NÚMERO DE CONTROL
campo de control ES-MaACL
005 - FECHA Y HORA DE LA ÚLTIMA TRANSACCIÓN
campo de control 20250809180948.0
008 - DATOS DE LONGITUD FIJA--INFORMACIÓN GENERAL
campo de control de longitud fija 950801d18331983sp r n l0 1 |spa d
022 ## - NÚMERO INTERNACIONAL NORMALIZADO PARA PUBLICACIONES SERIADAS
Número Internacional Normalizado para Publicaciones Seriadas 1889-4429
080 ## - NÚMERO DE LA CLASIFICACIÓN DECIMAL UNIVERSAL
Número de la Clasificación Decimal Universal 34(460.27)
080 ## - NÚMERO DE LA CLASIFICACIÓN DECIMAL UNIVERSAL
Número de la Clasificación Decimal Universal 35(460.27)
245 00 - MENCIÓN DEL TÍTULO
Título Boletín oficial de la provincia de Madrid.
260 ## - PUBLICACIÓN, DISTRIBUCIÓN, ETC.
Lugar de publicación, distribución, etc. Madrid :
Nombre del editor, distribuidor, etc. [s.n.],
Fecha de publicación, distribución, etc. 1833-1983.
300 ## - DESCRIPCIÓN FÍSICA
Extensión 23 v. ;
Dimensiones 43 cm.
310 ## - PERIODICIDAD ACTUAL
Periodicidad actual Diario,
Fecha de comienzo de la periodicidad actual 1844-1983
321 ## - PERIODICIDAD ANTERIOR
Periodicidad anterior 3 n. a la semana,
Fechas de la periodicidad anterior 1833-1844
362 0# - FECHAS DE PUBLICACIÓN Y/O DESIGNACIÓN SECUENCIAL
Fecha de publicación y/o designación secuencial N. 1 (2 jul. 1833) - n. 141 (16 jun. 1983)
530 ## - NOTA DISPONIBLE DE FORMULARIO FÍSICO ADICIONAL
Nota de formato físico adicional disponible Disponible en formato digital.
651 #4 - PUNTO DE ACCESO ADICIONAL DE MATERIA--NOMBRE GEOGRÁFICO
Nombre geográfico Madrid (Comunidad Autónoma)-
Subdivisión general Administración
9 (RLIN) 8993
785 00 - ENTRADA/ENLACE A UN TÍTULO POSTERIOR
Título Boletín Oficial de la Comunidad de Madrid
852 4# - LOCALIZACIÓN
Ubicación ES-MaACL
Número de control de estantería HEM-GF-56
itemnumber 522
856 ## - LOCALIZACIÓN Y ACCESO ELECTRÓNICOS
Identificador Uniforme de Recursos <a href="https://bibliotecavirtualmadrid.comunidad.madrid/bvmadrid_publicacion/es/consulta/registro.do?id=554">https://bibliotecavirtualmadrid.comunidad.madrid/bvmadrid_publicacion/es/consulta/registro.do?id=554</a>
Nota pública Biblioteca Digital de Madrid (1833-1983)
866 #0 - MENCIÓN TEXTUAL DE FONDOS--UNIDAD BIBLIOGRÁFICA BÁSICA
Fondos 1908-24.
942 ## - ELEMENTOS DE ENTRADA SECUNDARIOS (KOHA)
Fuente del sistema de clasificación o colocación Clasificación decimal universal
Holdings
Estatus retirado Estado de pérdida Fuente del sistema de clasificación o colocación Estado de daño No para préstamo Colección Biblioteca de origen Biblioteca actual Ubicación en estantería Fecha de adquisición Total de préstamos Signatura topográfica completa Código de barras Visto por última vez Precio de reemplazo Tipo de ítem Koha
    Clasificación decimal universal     Colección digital Biblioteca del Ateneo de Madrid Biblioteca del Ateneo de Madrid Depósito 1 17/01/2008   HEM-GF-56 1000520 23/02/2023 23/02/2023 Revista